| 000 | 00972cam a2200217 4500 | ||
|---|---|---|---|
| 001 | WB3911-04 | ||
| 008 | 030318n2003 000 0 eng u | ||
| 035 | _a(Sirsi) u121660 | ||
| 245 | _aFall in house prices | ||
| 260 | _c2003 | ||
| 490 |
_aRICS Housing Market Survey England and Wales _v(pr020) 18 March 2003, (2) |
||
| 520 | _aRICS in its latest housing market survey shows that house prices have fallen for the first time in England and Wales for two years. The hardest hit area was London where prices fell at the fastest pace in nearly a decade. Many homebuyers have adoped a wait and see approach for the time being but there remains some scope for a rebound in the market. For the RICS Press Release ... | ||
| 590 | _aWB | ||
| 650 | _aRICS | ||
| 650 | _aHOUSING MARKET SURVEYS | ||
| 650 | _aHOUSE PRICES | ||
| 650 | _aFALLING MARKET | ||
| 650 | _aECONOMIC DOWNTURN | ||
| 690 | _aPROPERTY-RESIDENTIAL PROPERTY-RESIDENTIAL PROPERTY MARKET | ||
| 942 | _n0 | ||
| 999 |
_c72319 _d72319 |
||